<?xml version="1.0" encoding="UTF-8"?>
<record
    xmlns:xsi="http://www.w3.org/2001/XMLSchema-instance"
    xsi:schemaLocation="http://www.loc.gov/MARC21/slim http://www.loc.gov/standards/marcxml/schema/MARC21slim.xsd"
    xmlns="http://www.loc.gov/MARC21/slim">

  <leader>02452cam a22003135a 4500</leader>
  <datafield tag="999" ind1=" " ind2=" ">
    <subfield code="c">27287</subfield>
    <subfield code="d">27258</subfield>
  </datafield>
  <controlfield tag="005">20201128024409.0</controlfield>
  <controlfield tag="008">171026t2018    enka   frb    001 0 eng d</controlfield>
  <datafield tag="020" ind1=" " ind2=" ">
    <subfield code="a">9781138302747</subfield>
  </datafield>
  <datafield tag="040" ind1=" " ind2=" ">
    <subfield code="a">DLC</subfield>
    <subfield code="b">eng</subfield>
    <subfield code="c">DLC</subfield>
    <subfield code="d">EG-ScBUE</subfield>
    <subfield code="d">EG-ScBUE</subfield>
  </datafield>
  <datafield tag="082" ind1="0" ind2="4">
    <subfield code="a">302.35</subfield>
    <subfield code="b">BRO</subfield>
    <subfield code="2">22</subfield>
  </datafield>
  <datafield tag="100" ind1="1" ind2=" ">
    <subfield code="a">Brown, Henry,</subfield>
    <subfield code="d">1939-</subfield>
  </datafield>
  <datafield tag="245" ind1="1" ind2="0">
    <subfield code="a">Psychology, emotions and intuition in work relationships :</subfield>
    <subfield code="b">the head, heart and gut professionals /</subfield>
    <subfield code="c">Henry Brown, Neil Dawson and Brenda McHugh ; consultants Peter Fonagy, Rohan de Silva.</subfield>
  </datafield>
  <datafield tag="250" ind1=" " ind2=" ">
    <subfield code="a">1st. ed.</subfield>
  </datafield>
  <datafield tag="260" ind1=" " ind2=" ">
    <subfield code="a">Oxon ;</subfield>
    <subfield code="a">New York :</subfield>
    <subfield code="b">Routledge / Taylor &amp; Francis,</subfield>
    <subfield code="c">c.2018.</subfield>
  </datafield>
  <datafield tag="300" ind1=" " ind2=" ">
    <subfield code="a">xvii, 242 p. :</subfield>
    <subfield code="b">ill. ;</subfield>
    <subfield code="c">24 cm.</subfield>
  </datafield>
  <datafield tag="504" ind1=" " ind2=" ">
    <subfield code="a">Includes bibliographical references and index.
</subfield>
  </datafield>
  <datafield tag="520" ind1=" " ind2=" ">
    <subfield code="a">Psychology, Emotion and Intuition in Work Relationships: The Head, Heart and Gut Professional highlights the increasing importance of human relations in professional life. In modern society, all those who work with or provide services to others are increasingly called upon to be not just technical experts, but also &#x2018;head, heart and gut professionals&#x2019; &#x2013; who can work and relate to others with their head, heart, and gut.

The book explains and synthesises these elements in an accessible way, based on a sound theoretical perspective combined with practical guidance. The authors address how to manage client expectations; how to deal with risk, uncertainty and imperfection, as well as how to improve communication and interpersonal skills. Attention is also given to the central role of empathy and rapport in professional relationships, while recognising the need for proper professional boundaries.

Psychology, Emotion and Intuition in Work Relationships will be a valuable guide for all modern practising and training professionals in a broad range of fields, including mental health, law, social and healthcare, teaching and academia, technology, financial and other services &#x2013; indeed, for anyone who provides services and has working relationships of any kind.</subfield>
  </datafield>
  <datafield tag="650" ind1=" " ind2="7">
    <subfield code="a">Conflict management.</subfield>
    <subfield code="2">BUEsh</subfield>
  </datafield>
  <datafield tag="650" ind1=" " ind2="7">
    <subfield code="a">Interpersonal conflict.</subfield>
    <subfield code="2">BUEsh</subfield>
    <subfield code="9">822</subfield>
  </datafield>
  <datafield tag="650" ind1=" " ind2="7">
    <subfield code="a">Interpersonal relations.</subfield>
    <subfield code="2">BUEsh</subfield>
  </datafield>
  <datafield tag="650" ind1=" " ind2="7">
    <subfield code="a">Professional employees</subfield>
    <subfield code="x">Psychology.</subfield>
    <subfield code="2">BUEsh</subfield>
  </datafield>
  <datafield tag="651" ind1=" " ind2=" ">
    <subfield code="2">BUEsh</subfield>
  </datafield>
  <datafield tag="653" ind1=" " ind2=" ">
    <subfield code="b">BUSADM</subfield>
    <subfield code="b">HHUUPPSS</subfield>
    <subfield code="c">March2019</subfield>
  </datafield>
  <datafield tag="700" ind1="1" ind2=" ">
    <subfield code="a">Dawson, Neil,</subfield>
    <subfield code="d">1950-</subfield>
  </datafield>
  <datafield tag="700" ind1="1" ind2=" ">
    <subfield code="a">McHugh, Brenda.</subfield>
    <subfield code="9">32022</subfield>
  </datafield>
  <datafield tag="700" ind1="1" ind2=" ">
    <subfield code="a">Fonagy, Peter, </subfield>
    <subfield code="e">consultant.</subfield>
  </datafield>
  <datafield tag="700" ind1="1" ind2=" ">
    <subfield code="a">de Silva, Rohan, </subfield>
    <subfield code="e">consultant.</subfield>
  </datafield>
  <datafield tag="942" ind1=" " ind2=" ">
    <subfield code="2">ddc</subfield>
  </datafield>
  <datafield tag="952" ind1=" " ind2=" ">
    <subfield code="0">0</subfield>
    <subfield code="1">0</subfield>
    <subfield code="2">ddc</subfield>
    <subfield code="4">0</subfield>
    <subfield code="7">0</subfield>
    <subfield code="8">Alahram</subfield>
    <subfield code="a">MAIN</subfield>
    <subfield code="b">MAIN</subfield>
    <subfield code="c">1ST</subfield>
    <subfield code="d">2019-03-25</subfield>
    <subfield code="e">Purchase</subfield>
    <subfield code="g">530.00</subfield>
    <subfield code="h">525</subfield>
    <subfield code="l">0</subfield>
    <subfield code="o">302.35 BRO</subfield>
    <subfield code="p">000043283</subfield>
    <subfield code="r">2025-07-15 00:00:00</subfield>
    <subfield code="v">662.50</subfield>
    <subfield code="y">BB</subfield>
  </datafield>
</record>
